| 000 | 00640nam a22001817a 4500 | ||
|---|---|---|---|
| 008 | 161007b xxu||||| |||| 00| 0 eng d | ||
| 020 | _a0834802996 | ||
| 020 | _a9780834802995 | ||
| 050 | _aNA 7208 .R36 1993 | ||
| 100 | _aRao,Peggy Landers | ||
| 245 |
_aNature on view : _b homes and gardens inspired by Japan _cPeggy Landers Rao and Jean Mahoney |
||
| 260 |
_aTokyo : _b Weatherhill, _cc1993 |
||
| 300 |
_a191p. : _bill. ; _c28cm |
||
| 650 |
_aArchitecture, Domestics _zUnited States |
||
| 650 |
_aArchitecture, Japanese _xInfluence _zUnited States |
||
| 700 | _aMahoney, Jean | ||
| 942 |
_2lcc _cBOOKS _hNA 7208 .R36 1993 |
||
| 999 |
_c14691 _d14691 |
||